[Event "HUN-ch U12"]
[Site "Balatonlelle"]
[Date "2015.06.24"]
[Round "9"]
[White "Kelemen, Szabolcs"]
[Black "Sagi, Kornel"]
[Result "1-0"]
[WhiteElo "1781"]
[BlackElo "1545"]
[PlyCount "47"]
[EventDate "2015.06.18"]
[EventType "swiss"]
[EventRounds "9"]
[EventCountry "HUN"]
[SourceTitle "CBM 167 Extra"]
[Source "ChessBase"]
[SourceDate "2015.09.14"]
[SourceVersion "1"]
[SourceVersionDate "2015.09.14"]
[SourceQuality "1"]

1. e4 e5 2. Nc3 Nc6 3. Bc4 Nf6 4. d3 Bc5 5. Be3 Bxe3 6. fxe3 d6 7. Nf3 Bg4 8. 0-0 Qd7 9. Qe1 h6 10. Qg3 Nh5 11. Bxf7+ Qxf7 12. Qxg4 Nf6 13. Qh3 Nb4 14. Rf2 Rh7 15. a3 Na6 16. Raf1 Qe7 17. Qf5 Rh8 18. Qg6+ Kd7 19. Nd5 Nxd5 20. exd5 Raf8 21. Nxe5+ Kc8 22. Rxf8+ Rxf8 23. Rxf8+ Qxf8 24. Qg4+ 1-0